| 000 | 01141nam a2200301 a 4500 | ||
|---|---|---|---|
| 001 | 000038762 | ||
| 003 | DO-SdBNP | ||
| 005 | 20260305073956.0 | ||
| 007 | ta | ||
| 008 | 130422s 2012 dr a c 000 0 spa d | ||
| 020 | _a9789945005394 | ||
| 040 |
_aDO-SdBNP _bspa _cBNPHU |
||
| 082 | 4 |
_a320.97293 _bR173L 2012 _222 |
|
| 100 | 1 |
_aRamírez Morillo, Belarminio, _d1964- _92520 |
|
| 110 | 2 |
_a Fundación Institucionalidad y Justicia _983162 |
|
| 245 | 1 | 0 |
_aLeonel como paradigma : _bdescifrando las claves de su liderazgo eficaz / _cBelarminio Ramírez Morillo. |
| 250 | _a2a. ed. | ||
| 260 |
_aSanto Domingo : _bFESJE, _c2012. |
||
| 300 |
_a397 p. : _bil., retrs. ; _c25 cm. |
||
| 500 | _aIncluye datos biográficos del autor del autor en las solapas e índice onomástico | ||
| 504 | _aBibliografía : p. 295-299 | ||
| 590 | _aInventariado, 2023/BT | ||
| 600 | 1 | 0 |
_aFernández, Leonel, _d1953- _97291 |
| 651 | 0 |
_aRepública Dominicana _xPolítica y gobierno _945 |
|
| 710 | 2 |
_aFundación de Estudios Sociopoliticos, Jurídicos y Económicas (República Dominicana) _983163 |
|
| 910 | _aBtavárez /Validado, 2023/MFF | ||
| 942 |
_2ddc _cLBS1 |
||
| 999 |
_c38252 _d38252 |
||